[Event "Lichtenberger Sommer 2017"]
[Site "Berlin"]
[Date "2017.08.26"]
[Round "8.6"]
[White "Florstedt, Johannes"]
[Black "Sieglen, Joachim"]
[Result "1-0"]
[WhiteElo "2232"]
[BlackElo "2228"]
[PlyCount "97"]
[EventDate "2017.??.??"]
[WhiteTeam "SF 1903 Berlin"]
[BlackTeam "SC Untergrombach"]

1. e4 e6 2. d4 d5 3. Nc3 Bb4 4. e5 c5 5. a3 Bxc3+ 6. bxc3 Qa5 7. Bd2 Qa4 8. Qg4
Kf8 9. Qd1 b6 10. dxc5 bxc5 11. Nf3 Ba6 12. Bxa6 Qxa6 13. Qe2 Ne7 14. Rb1 Nc8
15. Be3 Qxe2+ 16. Kxe2 Nd7 17. Rb7 Ke8 18. Rhb1 Ncb6 19. Rb5 Kd8 20. Ra5 Kc8
21. Rbxa7 Rxa7 22. Rxa7 Kb8 23. Ra5 Nc4 24. Rb5+ Kc7 25. Bxc5 h6 26. Bd4 Ra8
27. Rb3 Nxa3 28. Ne1 Nc4 29. f4 Ra2 30. Kd3 Nb2+ 31. Ke2 Nc4 32. Rb1 f6 33.
exf6 gxf6 34. g4 e5 35. Be3 Nxe3 36. Kxe3 Nb6 37. fxe5 fxe5 38. Rb4 Ra3 39. Rb3
Ra1 40. Ke2 Ra2 41. h4 Ra8 42. Rb1 Nc4 43. Nd3 Rg8 44. Rg1 Kd6 45. Nf2 Ke6 46.
Ra1 Nd6 47. Ra6 Rd8 48. Nd1 Rg8 49. Ne3 1-0

[Event "Lichtenberger Sommer 2017"]
[Site "Berlin"]
[Date "2017.08.26"]
[Round "8.7"]
[White "Piotrowski, Christopher"]
[Black "Colpe, Malte"]
[Result "0-1"]
[WhiteElo "2117"]
[BlackElo "2424"]
[PlyCount "78"]
[EventDate "2017.??.??"]
[WhiteTeam "SK König Tegel"]
[BlackTeam "Hamburger SK"]

1. c4 e6 2. g3 d5 3. Bg2 Nf6 4. Nf3 Be7 5. b3 d4 6. Bb2 c5 7. b4 O-O 8. O-O a5
9. bxc5 Nc6 10. e3 e5 11. exd4 exd4 12. d3 Bxc5 13. Na3 Re8 14. Nb5 Bf5 15. h3
h6 16. Bc1 Nb4 17. Ne1 Qd7 18. g4 Rxe1 19. Rxe1 Bxd3 20. Re5 Bxc4 21. Rxc5 Bxb5
22. Bb2 Nd3 23. Rxb5 Qxb5 24. Bxd4 Nf4 25. Rb1 Qg5 26. Be3 Qe5 27. Rxb7 Rc8 28.
Qb3 N6d5 29. Bxd5 Nxd5 30. Rd7 Qa1+ 31. Kg2 Nxe3+ 32. fxe3 Qf6 33. Rd5 Rc1 34.
Rf5 Qc6+ 35. Kg3 Rg1+ 36. Kf4 Rf1+ 37. Ke5 Qc7+ 38. Ke4 Rc1 39. Qb5 Qc2+ 0-1

[Event "Lichtenberger Sommer 2017"]
[Site "Berlin"]
[Date "2017.08.26"]
[Round "8.8"]
[White "Rietze, Clemens"]
[Black "Gaerths, Ronny"]
[Result "1-0"]
[WhiteElo "2343"]
[BlackElo "2182"]
[PlyCount "127"]
[EventDate "2017.??.??"]
[WhiteTeam "SC Rotation Pankow"]
[BlackTeam "SG TT/Wiheil"]

1. d4 d6 2. c4 e5 3. d5 a5 4. e3 g6 5. Nc3 Bg7 6. Bd3 f5 7. Nge2 Nf6 8. b3 Na6
9. Bb2 O-O 10. Bc2 c6 11. dxc6 bxc6 12. Na4 Ng4 13. h3 Nh6 14. Qd2 Nb4 15. Bb1
Nf7 16. a3 Na6 17. Bc2 Be6 18. O-O Qc7 19. Rab1 Nc5 20. Nxc5 dxc5 21. Nc3 e4
22. Na4 Bxb2 23. Rxb2 Qe7 24. Qc3 h5 25. Bb1 Kh7 26. f3 exf3 27. Rxf3 Ng5 28.
Rf1 Bg8 29. h4 Nf7 30. Re2 Qxh4 31. Nxc5 Nh6 32. Qe1 Qg5 33. Nd3 a4 34. Qc3 Ng4
35. Rf3 axb3 36. Nf4 Rfd8 37. Bd3 Rab8 38. Nxh5 Rd7 39. Nf4 Qf6 40. Qc1 b2 41.
Qb1 Rxd3 42. Nxd3 Bxc4 43. Rh3+ Kg7 44. Rxb2 Bxd3 45. Rb7+ Rxb7 46. Qxb7+ Kf8
47. Qc8+ Ke7 48. Rh7+ Kd6 49. Qb8+ Ke6 50. Qb3+ Ke5 51. Qxd3 Qd6 52. Qxd6+ Kxd6
53. Rg7 Nxe3 54. Rxg6+ Kc5 55. Kf2 Nd5 56. a4 f4 57. a5 Kb5 58. a6 Kxa6 59.
Rxc6+ Kb5 60. Rc1 Kb6 61. Kf3 Kb5 62. Ke4 Ne3 63. Rg1 Kc4 64. Kxf4 1-0

[Event "Lichtenberger Sommer 2017"]
[Site "Berlin"]
[Date "2017.08.26"]
[Round "8.9"]
[White "Mätzkow, Maximilian Paul"]
[Black "Kalka, Arkadius Georg"]
[Result "0-1"]
[WhiteElo "2172"]
[BlackElo "2323"]
[PlyCount "60"]
[EventDate "2017.??.??"]
[WhiteTeam "ESV Eberswalde"]
[BlackTeam "SC Hansa Dortmund"]

1. c4 c5 2. Nc3 b6 3. d3 g6 4. e4 Bg7 5. Be2 Nc6 6. Nf3 d6 7. O-O a6 8. Be3 Nd4
9. Qd2 e6 10. Bd1 Ne7 11. Bxd4 cxd4 12. Ne2 e5 13. Ba4+ Kf8 14. h3 h5 15. b4
Bh6 16. Qb2 g5 17. c5 g4 18. hxg4 hxg4 19. Ne1 Ng6 20. g3 Qg5 21. f4 gxf3 22.
Nxf3 Qh5 23. Kf2 Be3+ 24. Ke1 Bg4 25. Nfg1 Kg7 26. Bb3 Raf8 27. cxb6 Qh2 28.
Qc2 Rc8 29. Rxf7+ Kh6 30. Qd1 Rcf8 0-1

[Event "Lichtenberger Sommer 2017"]
[Site "Berlin"]
[Date "2017.08.26"]
[Round "8.10"]
[White "Förster, Jonas"]
[Black "Moser, Axel"]
[Result "1/2-1/2"]
[WhiteElo "2330"]
[BlackElo "2159"]
[PlyCount "79"]
[EventDate "2017.??.??"]
[WhiteTeam "SV Empor Berlin"]
[BlackTeam "SC Kreuzberg"]

1. d4 Nf6 2. c4 c5 3. d5 g6 4. Nc3 d6 5. e4 Bg7 6. Nge2 O-O 7. Ng3 Na6 8. Be2
Nc7 9. a4 a6 10. O-O Rb8 11. Bf4 Nd7 12. Bd2 e6 13. Qc1 exd5 14. exd5 f5 15.
Bg5 Bf6 16. h4 Ne5 17. Bxf6 Qxf6 18. Qg5 Qg7 19. Qd2 Bd7 20. f4 Nf7 21. Nh1 Qf6
22. g3 b5 23. axb5 axb5 24. Ra7 Qd8 25. Nf2 bxc4 26. Bxc4 Ra8 27. Rxa8 Qxa8 28.
Re1 Re8 29. Nd3 Nh6 30. Ne5 Qd8 31. Nxd7 Rxe1+ 32. Qxe1 Qxd7 33. Qe2 Kf7 34.
Kg2 Ng4 35. b3 Qe7 36. Nd1 Qf6 37. Qd2 Qe7 38. Qe2 Qf6 39. Qd2 Qe7 40. Qe2
1/2-1/2

[Event "Lichtenberger Sommer 2017"]
[Site "Berlin"]
[Date "2017.08.26"]
[Round "8.11"]
[White "Schneider, Christian"]
[Black "Jaeschke, Jens-Uwe"]
[Result "1-0"]
[WhiteElo "2215"]
[BlackElo "2119"]
[PlyCount "73"]
[EventDate "2017.??.??"]
[WhiteTeam "SG Stadtilm"]
[BlackTeam "SF Nordost Berlin"]

1. Nc3 c5 2. e4 e6 3. f4 a6 4. a4 Nc6 5. Nf3 d5 6. d3 g6 7. g3 Bg7 8. Bg2 Nge7
9. O-O O-O 10. h3 Rb8 11. Ne2 b5 12. c3 b4 13. e5 f6 14. Be3 bxc3 15. bxc3 fxe5
16. Nxe5 Nxe5 17. fxe5 Rxf1+ 18. Qxf1 d4 19. cxd4 Nf5 20. Qf2 Rb2 21. Rc1 cxd4
22. Bg5 Qd7 23. g4 Ng3 24. Qxg3 Rxe2 25. Qf3 Rxg2+ 26. Qxg2 Bb7 27. Qa2 Bxe5
28. Bh6 Bd6 29. Rf1 Bd5 30. Qf2 Qe7 31. Bf4 e5 32. Bh6 e4 33. dxe4 Bxe4 34.
Qa2+ Kh8 35. Rf8+ Qxf8 36. Bxf8 Bxf8 37. Qf7 1-0

[Event "Lichtenberger Sommer 2017"]
[Site "Berlin"]
[Date "2017.08.26"]
[Round "8.12"]
[White "Polatel, Ali"]
[Black "Vogel, Robert"]
[Result "1-0"]
[WhiteElo "2221"]
[BlackElo "2154"]
[PlyCount "57"]
[EventDate "2017.??.??"]
[WhiteTeam "SC Zugzwang 95 (Berlin)"]
[BlackTeam "SG Pang-Rosenheim"]

1. c4 e5 2. g3 Nc6 3. Nc3 Bc5 4. Bg2 a6 5. e3 d6 6. Nge2 h5 7. d4 Ba7 8. b4 Bd7
9. b5 axb5 10. cxb5 Na5 11. dxe5 dxe5 12. Ba3 h4 13. Bb4 Nc4 14. Bxb7 Nf6 15.
Nd5 Rb8 16. Be7 Rxb7 17. Bxd8 Kxd8 18. Nxf6 gxf6 19. Qd5 Nd6 20. O-O Bxb5 21.
Rab1 Ke7 22. Rfd1 Bc4 23. Qc6 Rxb1 24. Qxc7+ Kf8 25. Qxd6+ Kg7 26. Rxb1 Bxe2
27. Rb7 hxg3 28. Qd5 gxh2+ 29. Kh1 1-0

[Event "Lichtenberger Sommer 2017"]
[Site "Berlin"]
[Date "2017.08.26"]
[Round "8.13"]
[White "Jahn, Thomas"]
[Black "Ros Alonso, Jaume"]
[Result "1-0"]
[WhiteElo "2191"]
[BlackElo "2119"]
[PlyCount "61"]
[EventDate "2017.??.??"]
[WhiteTeam "SV Empor Berlin"]
[BlackTeam "Sant Boi de Llobregat"]

1. e4 c5 2. Nf3 e6 3. d4 cxd4 4. Nxd4 Nf6 5. Nc3 Nc6 6. Be2 Bb4 7. Qd3 d5 8.
exd5 Nxd5 9. Nxc6 bxc6 10. Bd2 Qa5 11. O-O O-O 12. Qg3 Kh8 13. Nxd5 cxd5 14.
Bf4 f6 15. Bc7 Qa4 16. Qh4 Bd7 17. Bd3 h6 18. b3 Qc6 19. Bf4 e5 20. Bxh6 e4 21.
Bd2+ Kg8 22. Bxb4 Rfb8 23. Bd2 exd3 24. cxd3 Qc2 25. Qd4 Be6 26. Bf4 Re8 27.
Rfc1 Qe2 28. h3 Rac8 29. Re1 Qh5 30. Qxa7 Qg6 31. Re3 1-0

[Event "Lichtenberger Sommer 2017"]
[Site "Berlin"]
[Date "2017.08.26"]
[Round "8.14"]
[White "Kohler, Thomas"]
[Black "Möller, Dustin"]
[Result "1-0"]
[WhiteElo "2154"]
[BlackElo "2081"]
[PlyCount "59"]
[EventDate "2017.??.??"]
[WhiteTeam "SC Zitadelle Spandau"]
[BlackTeam "Eckernförder SC"]

1. c4 e6 2. g3 d5 3. Bg2 Nf6 4. Nf3 Be7 5. O-O O-O 6. d4 dxc4 7. Qc2 a6 8. a4
Bd7 9. Qxc4 Bc6 10. Bg5 Bd5 11. Qc2 Be4 12. Qd1 c5 13. dxc5 Bxc5 14. Nbd2 Bc6
15. Nc4 Qxd1 16. Rfxd1 Ng4 17. Rf1 Bd5 18. Nfd2 f6 19. Bf4 Bxg2 20. Kxg2 e5 21.
Ne4 Rc8 22. Nxc5 Rxc5 23. Nb6 Ra7 24. Rac1 Rc6 25. Nc8 Rxc1 26. Rxc1 Ra8 27.
Nb6 Ra7 28. Rc8+ Kf7 29. Rxb8 exf4 30. Nc8 1-0

[Event "Lichtenberger Sommer 2017"]
[Site "Berlin"]
[Date "2017.08.26"]
[Round "8.15"]
[White "Di Candia, Roberto"]
[Black "Pluska, Alexander"]
[Result "1/2-1/2"]
[WhiteElo "1918"]
[BlackElo "2205"]
[PlyCount "131"]
[EventDate "2017.??.??"]
[WhiteTeam "SF 1903 Berlin"]
[BlackTeam "SK Doppelbauer Kiel"]

1. e4 c5 2. Nc3 a6 3. a4 e6 4. Bc4 Nc6 5. f4 Nf6 6. Ba2 d5 7. e5 d4 8. exf6
dxc3 9. bxc3 Qxf6 10. Nf3 Qxf4 11. O-O Be7 12. d4 Qg4 13. Qd3 O-O 14. Bb2 Bd7
15. Rae1 b5 16. dxc5 Bxc5+ 17. Kh1 Rfd8 18. Re4 Qg6 19. axb5 axb5 20. Bb3 Be7
21. Qe2 Qh5 22. c4 Na5 23. Re5 Qg6 24. Re3 f6 25. cxb5 Nxb3 26. Rxb3 Rac8 27.
c4 e5 28. Nh4 Qf7 29. Rc1 Be6 30. Rbc3 Bxc4 31. Qc2 Bd3 32. Qa4 Rxc3 33. Bxc3
Qd5 34. Nf3 Bxb5 35. Qg4 Be2 36. Qg3 Qd3 37. Ba5 Ra8 38. Bb6 e4 39. Nd4 Qxg3
40. hxg3 Bd3 41. Nf5 Bd8 42. Bxd8 Rxd8 43. Rc7 g6 44. Nh6+ Kf8 45. Rf7+ Ke8 46.
Rxf6 Ke7 47. Rf7+ Ke6 48. g4 Kd5 49. Re7 Kd4 50. Kg1 Rf8 51. Nf7 Ke3 52. Ng5
Rf1+ 53. Kh2 h6 54. Nf3 Rxf3 55. gxf3 Kxf3 56. Kh3 Bf1+ 57. Kh2 Kxg4 58. Rxe4+
Kf5 59. Rb4 Bd3 60. Kg3 g5 61. Rd4 Be4 62. Ra4 h5 63. Ra5+ Kf6 64. Ra6+ Kf5 65.
Ra5+ Kf6 66. Ra6+ 1/2-1/2

[Event "Lichtenberger Sommer 2017"]
[Site "Berlin"]
[Date "2017.08.26"]
[Round "8.16"]
[White "Heuser, Philip"]
[Black "Syre, Christian"]
[Result "0-1"]
[WhiteElo "2041"]
[BlackElo "2208"]
[PlyCount "96"]
[EventDate "2017.??.??"]
[WhiteTeam "Münchener SC"]
[BlackTeam "TSG Oberschöneweide"]

1. d4 Nf6 2. c4 d6 3. Nf3 Nbd7 4. Nc3 g6 5. g3 Bg7 6. Bg2 O-O 7. O-O e5 8. e4
c6 9. h3 exd4 10. Nxd4 Qb6 11. Re1 Ne8 12. Nb3 a5 13. Be3 Qb4 14. Nd4 a4 15. a3
Qa5 16. f4 Nc5 17. Bf2 h5 18. Qc2 Bd7 19. Rac1 Rd8 20. Nf3 Nb3 21. Rcd1 Bc8 22.
Kh2 Rd7 23. Nd4 Nc5 24. Nde2 Nc7 25. Bxc5 dxc5 26. Qxa4 Qb6 27. Qc2 Ne6 28.
Rxd7 Bxd7 29. e5 Nd4 30. Nxd4 cxd4 31. Na4 Qa7 32. c5 Bf5 33. Be4 Bxe4 34. Rxe4
Rd8 35. Nb6 d3 36. Qd1 Bf8 37. Ra4 Qb8 38. Ra8 Qc7 39. b4 Rxa8 40. Nxa8 Qd8 41.
Nb6 Qd4 42. Qd2 h4 43. g4 g5 44. fxg5 Bg7 45. Nc8 Bxe5+ 46. Kg2 Qe4+ 47. Kf2
Bd4+ 48. Kf1 Qh1# 0-1

[Event "Lichtenberger Sommer 2017"]
[Site "Berlin"]
[Date "2017.08.26"]
[Round "8.17"]
[White "Petersen, Soren Boeck"]
[Black "Meyer-Dunker, Paul"]
[Result "1-0"]
[WhiteElo "2226"]
[BlackElo "1965"]
[PlyCount "81"]
[EventDate "2017.??.??"]
[WhiteTeam "Damhus Skakklub"]
[BlackTeam "SC Friesen Lichtenberg"]

1. e4 e5 2. Nf3 Nc6 3. d4 exd4 4. Nxd4 Bc5 5. Nxc6 Qf6 6. Qf3 Qxf3 7. gxf3 bxc6
8. Nc3 d6 9. Be3 Bb6 10. O-O-O Nf6 11. Bc4 Be6 12. Bb3 Bxb3 13. axb3 O-O-O 14.
Rhg1 Bxe3+ 15. fxe3 g6 16. Rg5 Rhe8 17. Ra5 Kb7 18. Rd4 Nd7 19. Rda4 Nb6 20.
Rxa7+ Kb8 21. R4a6 Re5 22. Na4 Nc8 23. Ra8+ Kb7 24. Ra5 c5 25. Nc3 Rh5 26. Nd5
Kc6 27. Rb8 Rxh2 28. Raa8 Kd7 29. Rb7 Ke8 30. Rxc7 Kf8 31. Nb6 h5 32. Nxc8 h4
33. Raa7 d5 34. Rxf7+ Kg8 35. Rg7+ Kf8 36. Rh7 Kg8 37. Rag7+ Kf8 38. Ne7 Rh1+
39. Kd2 dxe4+ 40. Kc3 Rd6 41. Rg8# 1-0

[Event "Lichtenberger Sommer 2017"]
[Site "Berlin"]
[Date "2017.08.26"]
[Round "8.18"]
[White "Simon, Ralf-Axel"]
[Black "Teichert, Felix"]
[Result "0-1"]
[WhiteElo "2184"]
[BlackElo "1973"]
[PlyCount "120"]
[EventDate "2017.??.??"]
[WhiteTeam "TSG Neuruppin"]
[BlackTeam "Leegebrucher SF"]

1. Nf3 c5 2. c4 Nf6 3. Nc3 Nc6 4. g3 g6 5. Bg2 Bg7 6. d4 cxd4 7. Nxd4 Nxd4 8.
Qxd4 O-O 9. O-O d6 10. Qd3 Qa5 11. h3 Qh5 12. g4 Qa5 13. Bd2 Be6 14. Nb5 Qd8
15. Bxb7 Rb8 16. Bg2 a6 17. Nd4 Rxb2 18. Bc3 Rb8 19. Nc6 Qc7 20. g5 Nh5 21.
Bxg7 Kxg7 22. Nxb8 Rxb8 23. Rfc1 Qc5 24. Qe3 Rb4 25. Bd5 Qxe3 26. fxe3 Bxh3 27.
Rab1 Ra4 28. c5 Ra5 29. Rb7 e6 30. Bb3 dxc5 31. Kf2 c4 32. Bxc4 Rxg5 33. Bd3
Rg2+ 34. Kf3 g5 35. Rcc7 g4+ 36. Ke4 Rf2 37. Rb1 g3 38. Rg1 g2 39. Rcc1 Ng3+
40. Ke5 Nxe2 41. Bxe2 Rxe2 42. Kf4 Rxa2 43. e4 h5 44. Ra1 Rxa1 45. Rxa1 Kf6 46.
e5+ Kg6 47. Kg3 Bg4 48. Kxg2 Kf5 49. Rf1+ Kxe5 50. Rxf7 Kd4 51. Ra7 Be2 52. Kf2
Bc4 53. Rh7 Kc3 54. Rxh5 Kb4 55. Ke3 a5 56. Kd4 a4 57. Rh1 a3 58. Rb1+ Bb3 59.
Ra1 a2 60. Rg1 Bd5 0-1

[Event "Lichtenberger Sommer 2017"]
[Site "Berlin"]
[Date "2017.08.26"]
[Round "8.19"]
[White "Poseck, Steffen"]
[Black "Brümmel, Arend"]
[Result "1-0"]
[WhiteElo "2026"]
[BlackElo "2150"]
[PlyCount "71"]
[EventDate "2017.??.??"]
[WhiteTeam "BSV 63 Chemie Weißensee"]
[BlackTeam "Stader SV"]

1. Nf3 d5 2. g3 Nf6 3. Bg2 Bf5 4. c4 e6 5. b3 h6 6. Bb2 Be7 7. O-O O-O 8. d3 c6
9. Nbd2 a5 10. a3 Nbd7 11. Re1 Bh7 12. Qc2 Qb8 13. Rac1 Qa7 14. Bd4 c5 15. Bb2
d4 16. e3 dxe3 17. fxe3 Rfd8 18. e4 a4 19. Rcd1 axb3 20. Qxb3 Nb6 21. Rb1 Nfd7
22. Ne5 Nxe5 23. Bxe5 Nd7 24. Bc7 Rdc8 25. Bf4 g5 26. Be3 Qxa3 27. Qxa3 Rxa3
28. Rxb7 Rd8 29. Bf1 Kf8 30. g4 Ne5 31. Rxe7 Raxd3 32. Bxc5 Kg8 33. Bxd3 Rxd3
34. Re8+ Kg7 35. Bb4 Nc6 36. Bf8+ 1-0

[Event "Lichtenberger Sommer 2017"]
[Site "Berlin"]
[Date "2017.08.26"]
[Round "8.20"]
[White "Slepuschkin, Shenis"]
[Black "Jaeger, Andre"]
[Result "1-0"]
[WhiteElo "2169"]
[BlackElo "1994"]
[PlyCount "103"]
[EventDate "2017.??.??"]
[WhiteTeam "SG NARVA Berlin"]
[BlackTeam "SC Rochade (Berlin)"]

1. c4 g6 2. Nc3 Bg7 3. e4 c5 4. d3 Nc6 5. g3 e6 6. Bg2 Nge7 7. Nge2 O-O 8. O-O
d6 9. a3 Rb8 10. Rb1 a5 11. Nb5 e5 12. Be3 Be6 13. Qd2 Qd7 14. Nec3 Nd4 15.
Bxd4 cxd4 16. Nd5 Bxd5 17. exd5 b6 18. b4 Ra8 19. f4 Bh6 20. Qe1 f6 21. Kh1 a4
22. Qd1 Nc8 23. fxe5 fxe5 24. Rxf8+ Bxf8 25. Qf1 Bg7 26. Bh3 Qe7 27. Be6+ Kh8
28. Qf7 Qxf7 29. Bxf7 Bf8 30. Be6 Na7 31. Nc7 Rd8 32. Rf1 Bh6 33. Kg2 Rf8 34.
Rxf8+ Bxf8 35. Bd7 Bh6 36. Ne8 Bc1 37. Nxd6 Bxa3 38. Nf7+ Kg7 39. Nxe5 Bxb4 40.
Bxa4 Nc8 41. Kf3 Nd6 42. Kf4 Bd2+ 43. Kf3 Bb4 44. Nd7 Ba5 45. Kf4 h5 46. Ke5
Nf5 47. Ke6 Ne3 48. d6 Nf1 49. Ne5 Nxh2 50. Nc6 Bd2 51. d7 Bg5 52. Ne7 1-0

[Event "Lichtenberger Sommer 2017"]
[Site "Berlin"]
[Date "2017.08.26"]
[Round "8.21"]
[White "Püschel, Werner"]
[Black "Dimitrijeski, Kristian"]
[Result "1/2-1/2"]
[WhiteElo "1998"]
[BlackElo "2182"]
[PlyCount "66"]
[EventDate "2017.??.??"]
[WhiteTeam "Lasker Steglitz-Wilmersdorf"]
[BlackTeam "SK König Tegel"]

1. e4 e5 2. Nf3 Nc6 3. c3 d5 4. Qa4 f6 5. d3 Bc5 6. b4 dxe4 7. dxe4 Bb6 8. Bc4
Bg4 9. Qb3 Nge7 10. Bf7+ Kf8 11. a4 a6 12. Nbd2 g6 13. O-O Kg7 14. h3 Bd7 15.
Nc4 Rf8 16. Nxb6 cxb6 17. Bc4 Qc7 18. Bb2 Rac8 19. Rfd1 Rfd8 20. Rd2 Nb8 21.
Be6 Bxe6 22. Qxe6 Rxd2 23. Nxd2 Nbc6 24. Nf1 Rd8 25. b5 Na5 26. Ba3 Ng8 27. Bb4
Nc4 28. bxa6 bxa6 29. a5 bxa5 30. Ba3 Nxa3 31. Rxa3 Qc5 32. Qa2 Rd1 33. Rxa5
Qxc3 1/2-1/2

[Event "Lichtenberger Sommer 2017"]
[Site "Berlin"]
[Date "2017.08.26"]
[Round "8.22"]
[White "Schäfer, Heiko"]
[Black "Amelang, Thomas"]
[Result "0-1"]
[WhiteElo "1993"]
[BlackElo "2178"]
[PlyCount "78"]
[EventDate "2017.??.??"]
[WhiteTeam "Potsdamer SV"]
[BlackTeam "Münchener SC"]

1. Nf3 Nf6 2. g3 g6 3. Bg2 Bg7 4. c4 c5 5. d4 cxd4 6. Nxd4 O-O 7. Nc3 Nc6 8.
O-O Qb6 9. Nb3 d6 10. Be3 Qd8 11. h3 Be6 12. Nd5 Qd7 13. Kh2 Ne5 14. Rc1 Rfc8
15. c5 Nxd5 16. Bxd5 Bxh3 17. Rh1 Ng4+ 18. Kg1 Nxe3 19. fxe3 Be6 20. e4 Bxd5
21. Qxd5 Qg4 22. Kf2 Be5 23. Rcg1 Rab8 24. cxd6 Bxd6 25. Nd4 Rc5 26. Qb3 Qxe4
27. Rh4 Qe5 28. Nf3 Qf6 29. Rgh1 h5 30. g4 Rg5 31. Qc4 b5 32. Qe4 Rxg4 33. Rxg4
hxg4 34. Qxg4 Qxb2 35. Ng5 Be5 36. Qh3 Bg7 37. Qh7+ Kf8 38. Qh2 Qe5 39. Qg2
Qf4+ 0-1

[Event "Lichtenberger Sommer 2017"]
[Site "Berlin"]
[Date "2017.08.26"]
[Round "8.23"]
[White "Deutschbein, Christopher"]
[Black "Krefenstein, Sergej"]
[Result "0-1"]
[WhiteElo "2019"]
[BlackElo "2173"]
[PlyCount "128"]
[EventDate "2017.??.??"]
[WhiteTeam "Eckernförder SC"]
[BlackTeam "TuS Makkabi Berlin"]

1. e4 e6 2. d3 d5 3. Nd2 Nf6 4. Ngf3 c5 5. g3 Nc6 6. Bg2 Be7 7. O-O O-O 8. Re1
b5 9. e5 Nd7 10. Nf1 c4 11. d4 a5 12. h4 b4 13. c3 Nb6 14. N1h2 Bd7 15. Ng5 h6
16. Nh3 Kh7 17. Qc2+ Kh8 18. Ng4 Rg8 19. Qd2 Bf8 20. Kh2 a4 21. Rh1 bxc3 22.
bxc3 Ne7 23. Kg1 Nf5 24. Nf4 a3 25. Ne3 Nxe3 26. Qxe3 Ba4 27. g4 Bc2 28. g5 Na4
29. Qf3 Be4 30. Qe3 Bf5 31. Bh3 Bh7 32. g6 fxg6 33. Bxe6 g5 34. Nh3 gxh4 35.
Bxg8 Kxg8 36. Kh2 Nb2 37. Rg1 Ra6 38. Bd2 Be7 39. f4 Bf5 40. Rg2 Be4 41. Rgg1
Nd3 42. Nf2 Nxf2 43. Qxf2 Qd7 44. Qe2 Rb6 45. Bc1 Bf5 46. Qh5 Qe6 47. Qe2 Kh7
48. Qg2 g6 49. Qe2 Qf7 50. Qd1 Be6 51. Qc2 Bd7 52. Qg2 Qf5 53. Rd1 Be6 54. Be3
g5 55. fxg5 hxg5 56. Rf1 Qg6 57. Qf3 g4 58. Qf4 Rb2+ 59. Kg1 g3 60. Bc1 Rc2 61.
Bxa3 h3 62. Bxe7 h2+ 63. Kh1 g2+ 64. Kxh2 g1=Q# 0-1

[Event "Lichtenberger Sommer 2017"]
[Site "Berlin"]
[Date "2017.08.26"]
[Round "8.24"]
[White "Fuchs, Dominik"]
[Black "Stark, Ingo"]
[Result "1/2-1/2"]
[WhiteElo "1865"]
[BlackElo "2161"]
[PlyCount "66"]
[EventDate "2017.??.??"]
[WhiteTeam "SC Zitadelle Spandau"]
[BlackTeam "TSG Oberschöneweide"]

1. e4 c5 2. c3 d5 3. exd5 Qxd5 4. d4 Nf6 5. Nf3 e6 6. Na3 a6 7. Nc4 Nbd7 8. Be2
cxd4 9. Qxd4 Bc5 10. Qh4 O-O 11. Bf4 Ne4 12. Ne3 Qc6 13. Bd3 f5 14. Bxe4 fxe4
15. Ne5 Nxe5 16. Bxe5 Bxe3 17. fxe3 Qb6 18. Qg5 Rf7 19. O-O-O Bd7 20. Rd6 Qb5
21. Rhd1 h6 22. Qg3 Kh7 23. b3 Bc6 24. Rxe6 Raf8 25. h4 Bd7 26. Red6 Bg4 27.
Qxg4 Qxe5 28. R6d4 Rf2 29. R1d2 Rxd2 30. Kxd2 Rf2+ 31. Kc1 h5 32. Qxe4+ Qxe4
33. Rxe4 Rxg2 1/2-1/2

[Event "Lichtenberger Sommer 2017"]
[Site "Berlin"]
[Date "2017.08.26"]
[Round "8.25"]
[White "Roth, Josef"]
[Black "Oelmann, Henry"]
[Result "1-0"]
[WhiteElo "2032"]
[BlackElo "1992"]
[PlyCount "141"]
[EventDate "2017.??.??"]
[WhiteTeam "SK König Tegel"]
[BlackTeam "SC Oranienburg"]

1. e4 d6 2. d4 Nf6 3. Nc3 g6 4. Be3 Bg7 5. f3 c6 6. Qd2 b5 7. a4 b4 8. Nd1 a5
9. Nf2 Ba6 10. Nd3 Nbd7 11. Nh3 Qc7 12. Be2 O-O 13. O-O Rfd8 14. Rac1 c5 15. c3
b3 16. Nhf2 Nb6 17. Bh6 c4 18. Ne1 Nxa4 19. Bxg7 Kxg7 20. Ng4 Nxg4 21. fxg4 e5
22. g5 Bc8 23. Ra1 Nb6 24. Qe3 Rf8 25. dxe5 dxe5 26. Qg3 Be6 27. Nf3 Nd7 28.
Kh1 a4 29. Nd4 Nc5 30. Nxe6+ Nxe6 31. Ra3 Nf4 32. Qe3 Rfd8 33. g3 Nd3 34. Bxd3
cxd3 35. Rf2 Qc4 36. Rd2 Rd6 37. Kg2 Rad8 38. Kg1 R8d7 39. Kg2 f6 40. gxf6+
Rxf6 41. Ra1 h6 42. Rad1 Rfd6 43. Ra1 g5 44. h3 Kg6 45. Qf3 Rf6 46. Qg4 Ra7 47.
h4 a3 48. hxg5 hxg5 49. Rh1 Rh7 50. Rxh7 Kxh7 51. bxa3 Qxc3 52. Qh5+ Kg7 53.
Qxg5+ Kf7 54. Qh5+ Ke7 55. Qg5 b2 56. Rf2 Qc6 57. Qg7+ Kd8 58. Rxf6 Qxe4+ 59.
Kh3 Qh1+ 60. Kg4 Qe4+ 61. Kh5 Qe2+ 62. Kh4 Qe4+ 63. g4 Qe1+ 64. Kg5 Qe3+ 65.
Kh4 Qe1+ 66. Kh5 Qh1+ 67. Kg5 Qc1+ 68. Kg6 Qc5 69. Rf8+ Qxf8 70. Qxf8+ Kc7 71.
Qc5+ 1-0

[Event "Lichtenberger Sommer 2017"]
[Site "Berlin"]
[Date "2017.08.26"]
[Round "8.26"]
[White "Kautz, Stefan"]
[Black "Segerberg, Tomas"]
[Result "0-1"]
[WhiteElo "1909"]
[BlackElo "2077"]
[PlyCount "30"]
[EventDate "2017.??.??"]
[WhiteTeam "SC Empor Maulwurf Bonn"]
[BlackTeam "SG NARVA Berlin"]

1. e4 e6 2. d4 d5 3. exd5 exd5 4. Bd3 Bd6 5. h3 Nc6 6. c3 Nge7 7. Nf3 Bf5 8.
O-O Qd7 9. Re1 f6 10. Nh4 Bxd3 11. Qxd3 O-O-O 12. b4 g5 13. Nf3 Ng6 14. a4 g4
15. hxg4 Qxg4 0-1

[Event "Lichtenberger Sommer 2017"]
[Site "Berlin"]
[Date "2017.08.26"]
[Round "8.27"]
[White "Guenther, Thomas"]
[Black "Shapiro, Yosip"]
[Result "1/2-1/2"]
[WhiteElo "2061"]
[BlackElo "2098"]
[PlyCount "110"]
[EventDate "2017.??.??"]
[WhiteTeam "SV Senat (FV Schach)"]
[BlackTeam "SV Berolina Mitte"]

1. d4 Nf6 2. Nf3 e6 3. c4 d5 4. Nc3 Bb4 5. Bg5 c5 6. Bxf6 Qxf6 7. e3 O-O 8. a3
Bxc3+ 9. bxc3 Nc6 10. Be2 dxc4 11. Bxc4 cxd4 12. cxd4 e5 13. dxe5 Nxe5 14. Nxe5
Qxe5 15. O-O b5 16. Qd5 Qxd5 17. Bxd5 Rb8 18. Rab1 Rb6 19. Rfc1 Bf5 20. e4 Be6
21. Bxe6 fxe6 22. Rc5 Rfb8 23. f3 a6 24. Rc7 R8b7 25. Rc5 Kf7 26. Kf2 Ke7 27.
e5 Kd7 28. Rd1+ Ke7 29. Rdc1 Kf7 30. g4 Kg6 31. Rc7 Rxc7 32. Rxc7 a5 33. Rc3 b4
34. axb4 axb4 35. Rb3 Kf7 36. h4 Rb5 37. f4 h6 38. h5 g6 39. hxg6+ Kxg6 40. Ke3
h5 41. gxh5+ Kxh5 42. Kf3 Kg6 43. Ke4 Rb8 44. Rg3+ Kh5 45. f5 b3 46. fxe6 b2
47. Rg1 b1=Q+ 48. Rxb1 Rxb1 49. e7 Rb8 50. Kf5 Kh4 51. e6 Kg3 52. Kg6 Kf4 53.
Kf7 Ke5 54. e8=Q Rxe8 55. Kxe8 Kxe6 1/2-1/2

[Event "Lichtenberger Sommer 2017"]
[Site "Berlin"]
[Date "2017.08.26"]
[Round "8.28"]
[White "Schliebener, Stephan"]
[Black "Bandlow, Matthias"]
[Result "0-1"]
[WhiteElo "2126"]
[BlackElo "1945"]
[PlyCount "80"]
[EventDate "2017.??.??"]
[WhiteTeam "BSV 63 Chemie Weißensee"]
[BlackTeam "Borussia Friedrichsfelde"]

1. d4 d5 2. c4 e6 3. Nc3 Nf6 4. cxd5 exd5 5. e3 c6 6. Bd3 Bd6 7. Qc2 O-O 8.
Nge2 Nbd7 9. g4 g6 10. f3 Re8 11. Bd2 Nb6 12. O-O-O Nc4 13. Bxc4 dxc4 14. e4
Be7 15. h4 b5 16. h5 b4 17. Na4 b3 18. axb3 cxb3 19. Qc3 Rb8 20. Qe3 Bb4 21.
Qh6 Qa5 22. Nec3 Rb7 23. Qf4 Be7 24. Nc5 Rb4 25. hxg6 fxg6 26. Nb1 Rc4+ 27. Bc3
Rd8 28. Nxb3 Qb4 29. N3d2 Rxc3+ 30. bxc3 Qa4 31. Qc7 Re8 32. Nf1 Be6 33. Kd2
Nd7 34. Ne3 Bg5 35. f4 Bd8 36. Qb7 Ba5 37. Qb2 Qxd4+ 38. Ke2 Qxe4 39. Rd4 Bxg4+
40. Kf1 Qxh1+ 0-1